2013 Obituaries - Statistics

General Stats
  • This quiz has been taken 5,901 times
  • The average score is 6 of 16
Answer Stats
Clue Age Answer % Correct
First black President of South Africa 95 Nelson Mandela
99%
Britain's only female Prime Minister 87 Margaret Thatcher
89%
He was fast and furious 40 Paul Walker
66%
Leftist Venezuelan President 58 Hugo Chavez
51%
America's most famous film critic 70 Roger Ebert
45%
Tony Soprano 51 James Gandolfini
44%
"Lawrence of Arabia" 81 Peter O'Toole
42%
"Glee" star 31 Cory Monteith
40%
Author of political thrillers featuring Jack Ryan 66 Tom Clancy
37%
Brit who interviewed Richard Nixon 74 David Frost
36%
Velvet Underground guitarist 71 Lou Reed
28%
Wrestling manager who carried the Undertaker's urn 58 Paul Bearer
13%
Texas country singer of "White Lightning" 81 George Jones
10%
She asked the first question at White House press conferences 92 Helen Thomas
10%
Boxer who defeated Ali and broke his jaw 70 Ken Norton
10%
One half of Kris Kross 34 Chris Kelly
6%
No matching quizzes found
Score Distribution
Percent of People with Each Score
Percentile by Number Answered
Your Score History
You have not taken this quiz